Microsoft Apps - Statistics

General Stats
  • This quiz has been taken 85 times
  • The average score is 9 of 12
Answer Stats
Picture Answer % Correct
Word
99%
Excel
96%
Powerpoint
94%
Skype
87%
Teams
85%
Edge
82%
Bing
76%
Onedrive
72%
Access
63%
Office
63%
Onenote
63%
Publisher
54%
No matching quizzes found
Score Distribution
Percent of People with Each Score
Percentile by Number Answered
Your Score History
You have not taken this quiz